00487nam a2200181Ia 4500999001700000003000400017005001700021008004100038020001500079040000900094082002200103100002800125245004600153260003400199300000900233650001300242942005000255 c27960d27960OSt20201230092729.0190216s9999||||xx |||||||||||||| ||und|| a8187474327 coclc a894.812301bKAK/T aKakkattil, Akbar 96409 0aTheranjedutha Kathakal /cAkbar Kakkattil bOlive Publications,aCalicut: a815p aKathakal cBK2ddch894.812301iKAK/Tk894.812301mKAK/T